Normal view
MARC view
- Life of Byron
Entry Topical Term
001 - CONTROL NUMBER
- control field: 108097
003 - CONTROL NUMBER IDENTIFIER
- control field: NUST
005 - DATE AND TIME OF LATEST TRANSACTION
- control field: 20230130141534.0
008 - FIXED-LENGTH DATA ELEMENTS
- fixed length control field: 230130|| aca||aabn | a|a d
040 ## - CATALOGING SOURCE
- Original cataloging agency: NUST
- Transcribing agency: NUST
150 ## - HEADING--TOPICAL TERM
- Topical term or geographic name entry element: Life of Byron
670 ## - SOURCE DATA FOUND
- Source citation: Work cat.: (NUST)187122: Byron, George Gordon Byron, Baron, 108096, Poetical works of Lord Byron /, 1912
